000 00722nam a2200277 a 4500
001 0266
003 DO-SdBNP
005 20170914130745.0
007 0266
008 110324s2006 sp d 000 0 spa d
020 _a8467023147
040 _aBPMSU
_bspa
_cBPMSU
049 _a
082 4 _aR 463
_bD545e
092 _a
110 _aReal Academia de la Española
245 0 0 _aDiccionario esencial de la lengua española.
260 _aMadrid :
_bEspasa Calpe,
_c2006.
300 _a1631 p. ;
_c25 cm.
650 4 _aESPAÑOL
_xDICCIONARIOS
710 _aReal Academia Española
910 _a
942 _2ddc
_cBK
945 _aInventariado /2017 VM
956 _aVMATEO
_b10
_c20161018
_lBPMSU
_h0069
999 _c11592
_d11592